000 00460nam a2200193Ia 4500
005 20240823033833.0
008 240823s9999||||xx |||||||||||||| ||und||
020 _a978-81-8449-171-5
041 _aENGLISH
082 _A823.914 P7
100 _aDoug Lennox
245 0 _aNow you Know Big Book of Answers
250 _a1st
260 _c2007
_bThe Dundurn
500 _aYES
650 _aBig Book of Answers
_bGeneral
942 _cBK
999 _c196773
_d196773